[Event "75th ch-ARM 1st League 2014"]
[Site "Yerevan ARM"]
[Date "2014.08.24"]
[Round "4.2"]
[White "Torosyan, Norayr"]
[Black "Shahinyan, David"]
[Result "0-1"]
[BlackTitle "FM"]
[WhiteElo "2321"]
[BlackElo "2383"]
[WhiteFideId "13300431"]
[BlackFideId "13304380"]
[EventDate "2014.08.21"]

1. e4 e6 2. d4 d5 3. Nd2 Nc6 4. Ngf3 Nf6 5. e5 Nd7 6. Be2 f6 7. exf6 Qxf6 8. Nf1
Bd6 9. Ne3 O-O 10. O-O Qg6 11. c4 Nf6 12. c5 Be7 13. Bb5 Bd7 14. Bxc6 Bxc6 15.
Ne5 Qe8 16. a4 b6 17. b4 bxc5 18. bxc5 Rb8 19. Bd2 Ne4 20. Ba5 Bg5 21. N3g4 h5
22. Nxc6 Qxc6 23. Ne5 Qa6 24. Bxc7 Rb2 25. Qd3 Qb7 26. Bd6 Rfxf2 27. Rxf2 Rxf2
28. Rb1 Rb2 29. Rf1 Qb4 30. Nf3 Bf6 31. h3 Qxa4 32. Bf4 Qa2 33. Ne1 Bh4 34. c6
Bxe1 35. c7 Rxg2+ 36. Kh1 Rc2 37. Qb5 Kh7 38. Qe8 Nf6 39. Qf7 Qb3 40. Qxe6 Qd3 0-1

[Event "75th ch-ARM 1st League 2014"]
[Site "Yerevan ARM"]
[Date "2014.08.24"]
[Round "4.3"]
[White "Petrosian, Davit G."]
[Black "Babujian, Levon"]
[Result "0-1"]
[WhiteTitle "GM"]
[BlackTitle "GM"]
[WhiteElo "2398"]
[BlackElo "2484"]
[WhiteFideId "13301349"]
[BlackFideId "13301993"]
[EventDate "2014.08.21"]

1. e4 c5 2. d3 g6 3. f4 d5 4. Be2 Nc6 5. Nf3 dxe4 6. dxe4 Qxd1+ 7. Bxd1 Bg7 8.
Na3 Nf6 9. e5 Nd5 10. c3 Bf5 11. Kf2 f6 12. exf6 Nxf6 13. Ba4 O-O 14. Re1 Na5
15. Ne5 a6 16. Bd1 Rad8 17. Bf3 b5 18. b4 cxb4 19. cxb4 Nc4 20. Naxc4 bxc4 21.
a4 Nd5 22. Bd2 g5 23. Nc6 Bxa1 24. Bxd5+ e6 25. Nxd8 Rxd8 26. Rxa1 exd5 27. Bc3
d4 28. Rd1 Bd3 29. Bb2 gxf4 30. b5 axb5 31. axb5 Kf7 32. b6 Ke6 33. b7 Kd5 34.
Ra1 Rb8 35. Ra5+ Ke4 36. Ra7 c3 37. Ba3 Bc4 38. Bb4 Bd5 39. Ra4 c2 40. Bd2 Rxb7 0-1

[Event "75th ch-ARM 1st League 2014"]
[Site "Yerevan ARM"]
[Date "2014.08.24"]
[Round "4.4"]
[White "Chibukhchian, Artur"]
[Black "Harutyunian, Tigran K."]
[Result "1/2-1/2"]
[WhiteTitle "GM"]
[BlackTitle "IM"]
[WhiteElo "2430"]
[BlackElo "2439"]
[WhiteFideId "13300717"]
[BlackFideId "13303635"]
[EventDate "2014.08.21"]

1. c4 e6 2. d4 d5 3. Nf3 Nf6 4. e3 Bd6 5. Bd3 b6 6. Nbd2 Bb7 7. O-O Nbd7 8. b3
O-O 9. Bb2 c5 10. Qe2 Ne4 11. cxd5 exd5 12. Rad1 Qe7 13. Ba6 Ndf6 14. Bxb7 Qxb7
15. dxc5 bxc5 16. Nxe4 Nxe4 17. Nd2 f5 18. Nxe4 fxe4 19. Qg4 Rad8 20. Rd2 Qd7
21. Qxd7 Rxd7 22. Rfd1 Rfd8 1/2-1/2

[Event "75th ch-ARM 1st League 2014"]
[Site "Yerevan ARM"]
[Date "2014.08.24"]
[Round "4.5"]
[White "Gabuzyan, Hovhannes"]
[Black "Martirosyan, Haik M."]
[Result "1-0"]
[WhiteTitle "GM"]
[BlackTitle "FM"]
[WhiteElo "2582"]
[BlackElo "2328"]
[WhiteFideId "13303732"]
[BlackFideId "13306553"]
[EventDate "2014.08.21"]

1. c4 Nf6 2. g3 e6 3. Bg2 Be7 4. Nf3 O-O 5. O-O d5 6. b3 b6 7. cxd5 exd5 8. Bb2
Bb7 9. d4 Nbd7 10. Nc3 c5 11. Rc1 Rc8 12. dxc5 bxc5 13. Nh4 Nb6 14. Nf5 Re8 15.
Nxe7+ Qxe7 16. e3 d4 17. exd4 Bxg2 18. Kxg2 c4 19. Re1 Qd7 20. Re5 cxb3 21. axb3
Red8 22. Qf3 Qxd4 23. Rg5 h6 24. Na4 Qd6 25. Rxc8 hxg5 26. Nxb6 axb6 27. Qa8
Rxc8 28. Qxc8+ Kh7 29. Qf5+ Kh6 30. h4 Qc6+ 31. Kg1 gxh4 32. g4 Qd5 33. Bc1+ 1-0

[Event "75th ch-ARM 1st League 2014"]
[Site "Yerevan ARM"]
[Date "2014.08.24"]
[Round "4.6"]
[White "Harutjunyan, Gevorg"]
[Black "Alaverdyan, Gevorg"]
[Result "0-1"]
[WhiteTitle "GM"]
[BlackTitle "FM"]
[WhiteElo "2444"]
[BlackElo "2369"]
[WhiteFideId "13300873"]
[BlackFideId "13303058"]
[EventDate "2014.08.21"]

1. e4 e5 2. Nf3 Nf6 3. Nxe5 d6 4. Nxf7 Kxf7 5. Nc3 c6 6. d4 Be7 7. f3 Rf8 8. Be3
Kg8 9. Qd2 b5 10. Bd3 a5 11. a4 b4 12. Ne2 Ba6 13. Nf4 Qc8 14. O-O Re8 15. g4
Nfd7 16. Rac1 Nb6 17. c4 c5 18. dxc5 dxc5 19. e5 N8d7 20. Bf5 Qc7 21. Nd5 Qxe5
22. Bf4 Qd4+ 23. Qxd4 cxd4 24. Rfe1 Bc5 25. Nc7 Nf6 26. g5 d3+ 27. Kg2 Nh5 28.
Bd2 Rxe1 29. Rxe1 Ra7 30. g6 Nf6 31. gxh7+ Nxh7 32. Nxa6 Rxa6 33. Re5 Nxc4 34.
Rxc5 Nxd2 35. Rc8+ Nf8 36. Bxd3 Rf6 37. Be2 Kh7 38. Rc5 Nb3 39. Bd3+ g6 40. Rc7+
Kh6 41. Ra7 Ne6 42. Bc4 Nd2 43. Bxe6 Rxe6 44. Rxa5 Re2+ 45. Kg3 Nf1+ 46. Kf4
Rxh2 47. Rd5 Rxb2 48. a5 Ra2 49. Rb5 Ra4 50. Ke5 Nd2 51. Kf6 Nxf3 52. Rb8 Ng5
53. Rb5 b3 54. Rd5 b2 55. Rb5 Ne4+ 56. Ke5 0-1

[Event "75th ch-ARM 1st League 2014"]
[Site "Yerevan ARM"]
[Date "2014.08.24"]
[Round "4.7"]
[White "Poghosyan, Suren"]
[Black "Mikaelyan, Arman"]
[Result "0-1"]
[WhiteTitle "FM"]
[WhiteElo "2284"]
[BlackElo "2327"]
[WhiteFideId "13303201"]
[BlackFideId "13304852"]
[EventDate "2014.08.21"]

1. c4 c6 2. e4 d5 3. exd5 cxd5 4. d4 Nf6 5. Nc3 g6 6. cxd5 Bg7 7. Bb5+ Nbd7 8.
d6 exd6 9. Qe2+ Qe7 10. Qxe7+ Kxe7 11. Nf3 a6 12. Bd3 Nb6 13. O-O h6 14. Nh4 Rd8
15. Bd2 Be6 16. Rad1 Nfd5 17. Ne2 Bf6 18. g3 Rh8 19. Ng2 Kd7 20. Ba5 Rac8 21. b3
Bg4 22. Rd2 Rhe8 23. f3 Be6 24. Be4 Bd8 25. Nef4 Nxf4 26. Nxf4 Nc4 27. bxc4 Bxa5
28. Rb2 Bxc4 29. Rxb7+ Rc7 30. Rxc7+ Bxc7 31. Rc1 Bb5 32. Nd5 Bd8 33. Nc3 Bc6
34. Bxc6+ Kxc6 35. Ne4+ Kd7 36. g4 f5 37. gxf5 gxf5 38. Ng3 Re3 39. Nxf5 Rxf3
40. Rf1 Rd3 41. Kg2 Ra3 42. Nxh6 Rxa2+ 43. Rf2 Rxf2+ 44. Kxf2 Bf6 45. Kf3 d5 46.
Nf5 Ke6 47. Ne3 Bxd4 48. Nc2 Bc5 49. h4 a5 50. h5 Kf5 51. h6 Bf8 52. Nd4+ Kg6
53. Nb5 Bxh6 54. Nc3 Bd2 55. Nxd5 a4 56. Ne7+ Kg5 57. Nc6 Bc3 58. Nd8 Kf6 59.
Nb7 Bb4 0-1

[Event "75th ch-ARM 1st League 2014"]
[Site "Yerevan ARM"]
[Date "2014.08.25"]
[Round "5.1"]
[White "Alaverdyan, Gevorg"]
[Black "Poghosyan, Suren"]
[Result "1/2-1/2"]
[WhiteTitle "FM"]
[BlackTitle "FM"]
[WhiteElo "2369"]
[BlackElo "2284"]
[WhiteFideId "13303058"]
[BlackFideId "13303201"]
[EventDate "2014.08.21"]

1. c4 Nf6 2. Nf3 e6 3. g3 d5 4. d4 dxc4 5. Qa4+ Nc6 6. Qxc4 Qd5 7. Qd3 Bb4+ 8.
Nc3 O-O 9. Bd2 Qh5 10. Bg2 Rd8 11. Qc4 Ba5 12. h3 Bb6 13. g4 Qg6 14. Ne5 Nxe5
15. dxe5 Qc2 16. Rd1 Rd4 17. Qb3 Qxb3 18. axb3 Ne8 19. e3 Rb4 20. Na4 Rxb3 21.
Bc3 c6 22. Nxb6 axb6 23. Kd2 Rb5 24. Kc2 Kf8 25. Rd8 Ke7 26. Rhd1 Rd5 27. Bxd5
exd5 28. Ra1 Rb8 29. Rxe8+ Kxe8 30. f4 Bd7 31. e6 fxe6 32. Bxg7 c5 33. Be5 Rc8
34. h4 Bc6 35. h5 Kf7 36. g5 d4 37. g6+ hxg6 38. h6 Kg8 39. exd4 Kh7 40. Bg7
cxd4 41. Kd3 Rd8 42. Bf6 Rf8 43. Bg5 e5 44. fxe5 Rf5 45. Rg1 Rxe5 46. Kxd4 Rd5+
47. Ke3 Re5+ 48. Kf4 Rf5+ 49. Kg4 Bd7 50. Kh4 Rf3 51. Rh1 b5 52. Bd2 b4 53. Re1
Rh3+ 54. Kg5 Rh5+ 55. Kf6 Rf5+ 56. Ke7 g5 57. Rg1 Kxh6 58. Rxg5 Rxg5 59. Kxd7
Kh5 60. Bxg5 Kxg5 61. b3 Kf4 62. Kd6 Ke4 63. Kc5 Kd3 64. Kxb4 Kc2 65. Kc4 b5+
66. Kxb5 Kxb3 1/2-1/2

[Event "75th ch-ARM 1st League 2014"]
[Site "Yerevan ARM"]
[Date "2014.08.25"]
[Round "5.2"]
[White "Babujian, Levon"]
[Black "Vardanian, Haik G."]
[Result "1-0"]
[WhiteTitle "GM"]
[BlackTitle "FM"]
[WhiteElo "2484"]
[BlackElo "2314"]
[WhiteFideId "13301993"]
[BlackFideId "13303562"]
[EventDate "2014.08.21"]

1. e4 c5 2. Nf3 e6 3. d4 cxd4 4. Nxd4 a6 5. Bd3 Qc7 6. O-O Nc6 7. Nxc6 bxc6 8.
c4 Nf6 9. Nc3 e5 10. Kh1 Bc5 11. Bg5 Be7 12. f4 h5 13. Qd2 Ng4 14. Bxe7 Kxe7 15.
c5 d6 16. Na4 exf4 17. Qxf4 Be6 18. Rad1 Ra7 19. h3 Ne5 20. cxd6+ Qxd6 21. Bc4
Nxc4 22. Rxd6 Nxd6 23. Qg5+ Ke8 24. Qxg7 Rf8 25. Nc5 Re7 26. Rd1 Nc8 27. Qd4 1-0

[Event "75th ch-ARM 1st League 2014"]
[Site "Yerevan ARM"]
[Date "2014.08.25"]
[Round "5.3"]
[White "Harutyunian, Tigran K."]
[Black "Petrosian, Davit G."]
[Result "1/2-1/2"]
[WhiteTitle "IM"]
[BlackTitle "GM"]
[WhiteElo "2439"]
[BlackElo "2398"]
[WhiteFideId "13303635"]
[BlackFideId "13301349"]
[EventDate "2014.08.21"]

1. d4 Nf6 2. Nf3 g6 3. g3 Bg7 4. Bg2 O-O 5. O-O d6 6. c4 c5 7. Nc3 Nc6 8. d5 Na5
9. Nd2 a6 10. Rb1 Rb8 11. b3 b5 12. Bb2 h5 13. Qc2 Bf5 14. e4 Bd7 15. Ne2 e5 16.
dxe6 Bxe6 17. Nf4 Re8 18. cxb5 axb5 19. b4 cxb4 20. Nxe6 Rxe6 21. Ba1 Rc8 22.
Qd3 Nc4 23. Bh3 Ng4 24. Bxg7 Kxg7 25. Qd4+ Qf6 26. Qxf6+ Rxf6 27. Nb3 Ra8 28.
Ra1 Rf3 29. Bg2 Rc3 30. Nd4 Ra5 31. Rfb1 Rd3 32. Nc6 Ra4 33. h3 Nge5 34. Nxb4
Rd2 35. Rb3 Na5 36. Rbb1 Nac4 37. Rb3 g5 38. a3 g4 39. Nd5 Nd3 40. Rxb5 gxh3 41.
Bxh3 Nxf2 42. Bg2 Rxa3 43. Rxa3 Nxa3 44. Rb6 Ng4 45. Bf1 Rd1 46. Kg2 Rd2+ 47.
Kg1 Nc2 48. Rb3 Nf6 49. Nxf6 Kxf6 50. Rf3+ Kg6 51. Rf2 Rxf2 52. Kxf2 Nd4 53. Ke3
Ne6 54. Be2 Kg5 55. Bd1 Kg6 56. Be2 Kh6 57. Bd1 Kg5 58. Be2 h4 59. gxh4+ Kxh4
60. Bd1 Kg5 61. Be2 Kf6 62. Bh5 Ng7 63. Bd1 Ke5 64. Bb3 Ne6 65. Bd1 Nc5 66. Bh5
Ke6 67. Kd4 Nd7 68. Bg4+ Ke7 69. Bd1 Ne5 70. Kd5 Nd7 71. Kd4 Nb8 72. Kd5 f6 73.
Bg4 Na6 74. Bh3 Nc7+ 75. Kc6 Ne6 76. Bg4 Nf4 77. Bc8 Ne2 78. Kd5 Nc3+ 79. Kd4
Kd8 80. Bg4 Nxe4 1/2-1/2

[Event "75th ch-ARM 1st League 2014"]
[Site "Yerevan ARM"]
[Date "2014.08.25"]
[Round "5.4"]
[White "Mikaelyan, Arman"]
[Black "Chibukhchian, Artur"]
[Result "0-1"]
[BlackTitle "GM"]
[WhiteElo "2327"]
[BlackElo "2430"]
[WhiteFideId "13304852"]
[BlackFideId "13300717"]
[EventDate "2014.08.21"]

1. Nf3 d5 2. g3 Nf6 3. Bg2 c5 4. O-O g6 5. c4 d4 6. d3 Nc6 7. e3 Bg7 8. exd4
cxd4 9. Re1 Nd7 10. b4 Nxb4 11. Ba3 a5 12. Qa4 b5 13. Qxb5 Rb8 14. Qa4 O-O 15.
Bxb4 Rxb4 16. Qc2 Nc5 17. Na3 Bf5 18. Bf1 Bd7 19. Nb5 Bc6 20. Nd2 Na4 21. a3 Rb2
22. Qxa4 Rxd2 23. Qb3 Qd7 24. Rad1 Qf5 25. f4 Rxh2 26. Kxh2 Qh5+ 27. Bh3 Bd7 28.
Qc2 Qxh3+ 29. Kg1 Qxg3+ 30. Qg2 Qxf4 31. Rd2 Bf6 32. Rf2 Qb8 33. Rb1 Kg7 34. Nc3
Qe5 35. Nd5 Bc6 36. Qe4 Qg3+ 37. Rg2 Qd6 38. Qf3 Qxa3 39. Rh2 Bg5 40. Qg3 Bf6
41. Qf4 h5 42. Nxf6 exf6 43. Qxd4 Re8 44. Rf2 Re6 45. c5 Re5 46. Qd6 Rg5+ 47.
Kf1 Qc3 48. Re1 Rxc5 49. d4 Qh3+ 50. Ke2 Rc2+ 0-1

[Event "75th ch-ARM 1st League 2014"]
[Site "Yerevan ARM"]
[Date "2014.08.25"]
[Round "5.5"]
[White "Shahinyan, David"]
[Black "Gabuzyan, Hovhannes"]
[Result "1/2-1/2"]
[WhiteTitle "FM"]
[BlackTitle "GM"]
[WhiteElo "2383"]
[BlackElo "2582"]
[WhiteFideId "13304380"]
[BlackFideId "13303732"]
[EventDate "2014.08.21"]

1. Nf3 Nf6 2. g3 b6 3. Bg2 Bb7 4. O-O e6 5. d3 d5 6. Nbd2 Be7 7. e4 dxe4 8. Ng5
c5 9. Ndxe4 Nxe4 10. Nxe4 Nc6 11. Bd2 O-O 12. Bc3 Qd7 13. Nd2 Rfd8 14. Nf3 Rac8
15. Ne5 Nxe5 16. Bxb7 Qxb7 17. Bxe5 Qd5 18. Re1 c4 19. Qg4 f6 20. Bc3 cxd3 21.
cxd3 Kf7 22. Re4 Bc5 23. Rae1 Rc6 24. a3 b5 25. Qh4 h6 26. Qg4 Rdd6 27. h4 Qxd3
28. h5 e5 29. Kg2 Qd5 30. Kh2 Qe6 31. Qg6+ Kg8 32. f4 Qd7 33. g4 Rd3 34. Kg2 a5
35. R1e2 Rd1 36. Be1 Bd4 37. Bf2 Bxf2 38. Rxf2 Rc4 39. fxe5 fxe5 40. Rxc4 bxc4
41. Qf5 Qxf5 42. Rxf5 Rd2+ 43. Kf3 Rxb2 44. Rxe5 Rb3+ 45. Ke4 Rxa3 46. Rc5 c3
47. Kf5 Kh7 48. Ke6 Ra4 49. Kf5 Ra3 50. Ke6 a4 51. Rc4 Ra1 52. Rxc3 a3 53. Re3
a2 54. Re2 Kg8 55. Ke7 Kh7 56. Ke6 Kh8 57. Ke7 Kg8 58. Ke8 Rg1 59. Rxa2 Rxg4 60.
Ke7 Re4+ 61. Kd6 Kh7 62. Ra7 Rg4 63. Ra5 Rg5 64. Re5 Rg1 65. Ra5 Re1 66. Re5
Rd1+ 67. Rd5 Re1 68. Re5 Rg1 69. Ra5 g5 70. Ra7+ Kg8 71. Ke5 Rf1 72. Ra6 Kg7 73.
Ra7+ Rf7 74. Ra6 Rb7 75. Rg6+ Kh7 76. Ra6 Rg7 77. Kf5 Rf7+ 78. Ke5 Rb7 79. Rc6
Rb5+ 80. Ke4 1/2-1/2

[Event "75th ch-ARM 1st League 2014"]
[Site "Yerevan ARM"]
[Date "2014.08.25"]
[Round "5.6"]
[White "Martirosyan, Haik M."]
[Black "Harutjunyan, Gevorg"]
[Result "1/2-1/2"]
[WhiteTitle "FM"]
[BlackTitle "GM"]
[WhiteElo "2328"]
[BlackElo "2444"]
[WhiteFideId "13306553"]
[BlackFideId "13300873"]
[EventDate "2014.08.21"]

1. Nf3 Nf6 2. c4 d6 3. Nc3 e5 4. d4 Nbd7 5. g3 Be7 6. Bg2 O-O 7. O-O c6 8. Qc2
Qc7 9. Rd1 Re8 10. b3 Bf8 11. e4 exd4 12. Nxd4 a6 13. Bb2 Rb8 14. a4 a5 15. Ba3
Nc5 16. Bxc5 dxc5 17. Nde2 g6 18. Rd3 Bg7 19. Re1 Bg4 20. f3 Be6 21. Red1 Nd7
22. f4 Nf8 23. h3 Rbd8 24. Kh2 Bc8 25. e5 Rxd3 26. Qxd3 f6 27. exf6 Bxf6 28. Ne4
Be7 29. Qe3 Ne6 30. Rf1 Ng7 31. Nc1 Bf5 32. Nd3 Bxe4 33. Bxe4 Bd6 34. Re1 Rf8
35. Kg2 Qb6 36. Nf2 Kh8 37. Rd1 Qc7 38. Qd2 Rd8 39. Qc3 Be7 40. Re1 Rd4 41. Bb1
Qd8 42. Qe3 Bf6 43. Re2 Qf8 44. Ng4 Rd1 45. Re1 Bd4 46. Qe2 Rxe1 47. Qxe1 Qe8
48. Qxe8+ Nxe8 49. Nh2 Kg7 1/2-1/2

[Event "75th ch-ARM 1st League 2014"]
[Site "Yerevan ARM"]
[Date "2014.08.25"]
[Round "5.7"]
[White "Hayrapetyan, Hovik"]
[Black "Torosyan, Norayr"]
[Result "1/2-1/2"]
[WhiteTitle "GM"]
[WhiteElo "2438"]
[BlackElo "2321"]
[WhiteFideId "13302639"]
[BlackFideId "13300431"]
[EventDate "2014.08.21"]

1. d4 d5 2. Nf3 c6 3. c4 e6 4. e3 Nf6 5. Nc3 Nbd7 6. Bd3 dxc4 7. Bxc4 b5 8. Bd3
Bd6 9. O-O O-O 10. e4 e5 11. Bg5 exd4 12. Nxd4 Ne5 13. Bc2 Bg4 14. Qc1 Bc7 15.
Nf5 Bxf5 16. exf5 Qd6 17. Rd1 Nd3 18. Rxd3 Qxh2+ 19. Kf1 Qh1+ 20. Ke2 Rfe8+ 21.
Re3 Qh5+ 22. Kf1 Qh1+ 23. Ke2 Qh5+ 24. Kf1 Qh1+ 1/2-1/2

[Event "75th ch-ARM 1st League 2014"]
[Site "Yerevan ARM"]
[Date "2014.08.26"]
[Round "6.1"]
[White "Harutjunyan, Gevorg"]
[Black "Shahinyan, David"]
[Result "0-1"]
[WhiteTitle "GM"]
[BlackTitle "FM"]
[WhiteElo "2444"]
[BlackElo "2383"]
[WhiteFideId "13300873"]
[BlackFideId "13304380"]
[EventDate "2014.08.21"]

1. d4 d6 2. e4 Nf6 3. f3 e5 4. d5 Be7 5. c4 O-O 6. Be3 Nh5 7. Qd2 h6 8. Ne2 Bg5
9. Nbc3 Bxe3 10. Qxe3 Qg5 11. Kd2 Qxe3+ 12. Kxe3 g6 13. g4 Ng7 14. Nc1 a5 15.
Nd3 Na6 16. Be2 Bd7 17. Raf1 f5 18. gxf5 gxf5 19. a3 f4+ 20. Kd2 a4 21. Bd1 Nc5
22. Rfg1 Kh7 23. Rg2 Nh5 24. Rhg1 Rf7 25. Bc2 Nxd3 26. Kxd3 Nf6 27. Rg6 Bh3 28.
Ke2 Ng8 29. Nb5 Ne7 30. Nxc7 Rc8 31. Rxd6 Rxc7 32. Bxa4 Rxc4 33. Bb3 Rc5 34. Kd3
Rg7 35. Rxg7+ Kxg7 36. Rb6 Bf1+ 37. Kd2 Rb5 38. Re6 Rxb3 39. Rxe7+ Kf6 40. Re6+
Kf7 41. Rxe5 Rxf3 42. d6 Rd3+ 43. Ke1 Bg2 44. Re7+ Kg6 45. e5 Bc6 46. b4 Kf5 47.
Kf2 Rd2+ 48. Ke1 Rd5 49. Kf2 Rxe5 50. Rf7+ Ke4 51. a4 Bxa4 52. Rxb7 Rd5 53. Re7+
Kf5 54. Rf7+ Ke5 55. Re7+ Kxd6 56. Rh7 Rh5 57. Kf3 Rh4 58. Kg2 Bc6+ 59. Kg1 Rg4+
60. Kf1 Rg6 61. h4 Ke5 62. Rc7 Kf5 63. Kf2 Kg4 64. Rf7 Rd6 0-1

[Event "75th ch-ARM 1st League 2014"]
[Site "Yerevan ARM"]
[Date "2014.08.26"]
[Round "6.2"]
[White "Poghosyan, Suren"]
[Black "Martirosyan, Haik M."]
[Result "1/2-1/2"]
[WhiteTitle "FM"]
[BlackTitle "FM"]
[WhiteElo "2284"]
[BlackElo "2328"]
[WhiteFideId "13303201"]
[BlackFideId "13306553"]
[EventDate "2014.08.21"]

1. e4 c5 2. Nf3 Nc6 3. c3 Nf6 4. e5 Nd5 5. d4 cxd4 6. cxd4 e6 7. Nc3 Nxc3 8.
bxc3 d6 9. exd6 Bxd6 10. Bd3 h6 11. O-O Qc7 12. Re1 Bd7 13. Rb1 O-O-O 14. Bb5
Na5 15. Qa4 a6 16. Bxd7+ Rxd7 17. Ne5 Bxe5 18. Rxe5 Nc6 19. Re1 Qa5 20. Qxa5
Nxa5 21. Bf4 Rd5 22. Re4 Nc4 23. Rb4 b5 24. a4 Kb7 25. axb5 axb5 26. Be5 Ra8 27.
h4 1/2-1/2

[Event "75th ch-ARM 1st League 2014"]
[Site "Yerevan ARM"]
[Date "2014.08.26"]
[Round "6.3"]
[White "Chibukhchian, Artur"]
[Black "Alaverdyan, Gevorg"]
[Result "0-1"]
[WhiteTitle "GM"]
[BlackTitle "FM"]
[WhiteElo "2430"]
[BlackElo "2369"]
[WhiteFideId "13300717"]
[BlackFideId "13303058"]
[EventDate "2014.08.21"]

1. d4 Nf6 2. Nf3 e6 3. c4 b6 4. g3 Bb7 5. Bg2 Be7 6. O-O O-O 7. Re1 d5 8. cxd5
exd5 9. Nc3 Nbd7 10. Bf4 c6 11. a3 Re8 12. Qc2 Nf8 13. Rad1 Ne6 14. Bc1 Bf8 15.
Qb1 c5 16. dxc5 bxc5 17. Ng5 g6 18. Nge4 Nxe4 19. Bxe4 dxe4 20. Rxd8 Raxd8 21.
Be3 Nd4 22. b4 cxb4 23. axb4 Bg7 24. Na4 Ba6 25. Qa2 Nxe2+ 26. Kg2 Nd4 27. Nc5
Bb5 28. g4 h6 29. h4 Nf3 30. Rh1 Ne5 31. Kg3 a6 32. h5 g5 33. Qc2 Nd3 34. Rb1
Be5+ 35. Kh3 Nf4+ 36. Bxf4 Bxf4 37. Rd1 e3 38. fxe3 Rxe3+ 39. Kg2 Rde8 40. Qf5
Re2+ 41. Kh1 Bc6+ 42. Kg1 0-1

[Event "75th ch-ARM 1st League 2014"]
[Site "Yerevan ARM"]
[Date "2014.08.26"]
[Round "6.4"]
[White "Hayrapetyan, Hovik"]
[Black "Babujian, Levon"]
[Result "1/2-1/2"]
[WhiteTitle "GM"]
[BlackTitle "GM"]
[WhiteElo "2438"]
[BlackElo "2484"]
[WhiteFideId "13302639"]
[BlackFideId "13301993"]
[EventDate "2014.08.21"]

1. d4 Nf6 2. Nf3 e6 3. c4 b6 4. a3 Bb7 5. Nc3 d5 6. cxd5 Nxd5 7. Qc2 Be7 8. e4
Nxc3 9. bxc3 O-O 10. Bd3 c5 11. O-O Nc6 12. Bb2 Rc8 13. Qe2 Na5 14. Rad1 Qc7 15.
Ne5 Bd6 16. f4 f6 17. Nc4 Bxf4 18. Qg4 Bxh2+ 19. Kh1 f5 20. exf5 exf5 21. Qh3
Rf6 22. Bxf5 Rxf5 23. Qxf5 Nxc4 24. Rde1 h6 25. Qe6+ Kh8 26. Qxc4 Bg3 27. Re3
Qd8 28. d5 Qg5 29. Rxg3 Qxg3 30. Qe4 c4 31. Rf7 Ba8 32. Bc1 Rd8 33. Bxh6 Bxd5
34. Rxg7 Bxe4 35. Rxg3 Kh7 36. Bf4 Rd5 37. Re3 Bf5 38. Re7+ Kg6 39. Rxa7 Be4 40.
Re7 Kf5 41. Bc7 Rb5 42. Kh2 Bc6 43. Kh3 Kf6 44. Bd8 Rh5+ 45. Kg4 Rg5+ 46. Kh4
Rxg2 47. Rc7+ Ke6 48. Rxc6+ Kd7 49. Rxb6 Kxd8 50. Rb4 Kc7 51. Rxc4+ Kb6 52. a4
Ka5 53. Kh3 Rg7 1/2-1/2

[Event "75th ch-ARM 1st League 2014"]
[Site "Yerevan ARM"]
[Date "2014.08.26"]
[Round "6.5"]
[White "Torosyan, Norayr"]
[Black "Gabuzyan, Hovhannes"]
[Result "1/2-1/2"]
[BlackTitle "GM"]
[WhiteElo "2321"]
[BlackElo "2582"]
[WhiteFideId "13300431"]
[BlackFideId "13303732"]
[EventDate "2014.08.21"]

1. e4 g6 2. d4 Bg7 3. Nc3 c6 4. Nf3 d6 5. Be2 Bg4 6. Be3 Nd7 7. a4 a5 8. O-O e6
9. Nd2 Bxe2 10. Qxe2 Ne7 11. Nc4 Nb6 12. d5 Nxc4 13. Qxc4 exd5 14. exd5 O-O 15.
dxc6 bxc6 16. Bd4 d5 17. Qd3 Bxd4 18. Qxd4 Nf5 19. Qd3 Qb6 20. b3 Rae8 21. Rfe1
Re6 22. Re2 Rfe8 23. Rae1 Qd4 24. Rxe6 Rxe6 25. Rb1 Re8 26. h3 Qxd3 27. cxd3 Rb8
28. Ne2 Kf8 29. g4 Ne7 30. d4 Ke8 31. f3 Kd7 32. Kf2 h5 33. Nc1 hxg4 34. hxg4 g5
35. Nd3 Ng6 36. b4 Kd6 37. b5 cxb5 38. axb5 Nf4 39. Nc5 Ne6 40. Nxe6 fxe6 41.
Ke3 e5 42. dxe5+ Kxe5 43. b6 a4 44. Ra1 d4+ 45. Ke2 Rxb6 46. Rxa4 Rb2+ 47. Kd3
Kf4 48. Kxd4 Rf2 49. Kd5+ Kxf3 50. Ke5 Kg3 51. Rb4 Kh4 52. Ra4 Rb2 53. Rc4 Rb5+
54. Kf6 Rb1 55. Kf5 Rf1+ 56. Ke5 Kg3 57. Ra4 Rf8 58. Rb4 Kf3 59. Ra4 1/2-1/2

[Event "75th ch-ARM 1st League 2014"]
[Site "Yerevan ARM"]
[Date "2014.08.26"]
[Round "6.6"]
[White "Petrosian, Davit G."]
[Black "Mikaelyan, Arman"]
[Result "1/2-1/2"]
[WhiteTitle "GM"]
[WhiteElo "2398"]
[BlackElo "2327"]
[WhiteFideId "13301349"]
[BlackFideId "13304852"]
[EventDate "2014.08.21"]

1. g3 Nf6 2. Bg2 d5 3. d3 g6 4. Nf3 Bg7 5. O-O O-O 6. Nc3 b6 7. Bf4 Bb7 8. Re1
Nh5 9. Bg5 h6 10. Bd2 d4 11. Nb5 c5 12. c3 Qd7 13. a4 dxc3 14. Bxc3 Nc6 15. Bxg7
Kxg7 16. d4 a6 17. dxc5 Qxd1 18. Rexd1 axb5 19. axb5 Rxa1 20. Rxa1 Na5 21. Ne5
Bxg2 22. Rxa5 Bh3 23. cxb6 Rb8 24. Ra6 Rd8 25. f3 Rd5 26. Ra5 Bc8 27. Nc6 Nf6
28. Nxe7 Rc5 29. Ra8 Bb7 30. Ra7 Bd5 31. b7 Rxb5 32. Nxd5 Nxd5 33. Ra5 Rxb7 34.
Rxd5 Rxb2 35. Kf2 h5 36. h3 Kf6 37. Ra5 Rc2 38. Rb5 Ra2 39. Rc5 Rb2 40. Rc4 Ra2
41. Rb4 Ra3 42. h4 Rc3 43. Rb5 Ra3 44. Rd5 Rb3 45. Rd3 Rb2 46. Ke3 Ra2 47. Rd2
Ra4 48. Rd4 Ra2 49. Rf4+ Kg7 50. Re4 Kf6 51. Kf4 Rb2 52. Re5 Rb4+ 53. e4 Rb3 54.
Ra5 Rb6 55. g4 hxg4 56. Kxg4 Rb1 57. h5 gxh5+ 58. Rxh5 Rg1+ 59. Kf4 Kg6 60. Rh8
Kg7 61. Rh3 Rb1 62. Rg3+ Kf6 63. Rg8 Rb4 64. Rd8 Rb6 65. Kg4 Kg7 66. f4 Rg6+ 67.
Kf5 Rf6+ 68. Ke5 Re6+ 69. Kd5 Ra6 70. f5 Ra5+ 71. Kd4 Ra4+ 72. Ke5 Ra5+ 73. Kf4
Ra4 74. Rd6 Rb4 75. Ke5 Rb5+ 76. Kd4 Rb4+ 77. Kd3 Rb1 78. e5 Rf1 79. Ke4 Re1+
80. Kd5 Rf1 81. Ke4 Re1+ 82. Kd5 Rf1 83. f6+ Kg6 84. Kc6 Rc1+ 85. Kd7 Rc5 86. e6
fxe6 87. Kxe6 Rc1 88. Ke7 Rc7+ 89. Rd7 Rxd7+ 90. Kxd7 Kxf6 1/2-1/2

[Event "75th ch-ARM 1st League 2014"]
[Site "Yerevan ARM"]
[Date "2014.08.26"]
[Round "6.7"]
[White "Vardanian, Haik G."]
[Black "Harutyunian, Tigran K."]
[Result "1-0"]
[WhiteTitle "FM"]
[BlackTitle "IM"]
[WhiteElo "2314"]
[BlackElo "2439"]
[WhiteFideId "13303562"]
[BlackFideId "13303635"]
[EventDate "2014.08.21"]

1. Nf3 Nf6 2. b3 g6 3. Bb2 Bg7 4. c4 c5 5. g3 b6 6. Bg2 Bb7 7. O-O O-O 8. Re1 d5
9. cxd5 Qxd5 10. Nc3 Qd7 11. d4 cxd4 12. Qxd4 Ne4 13. Qe3 Nd6 14. Rad1 Nc6 15.
Ba3 Rad8 16. Ne4 Rfe8 17. Qf4 Qc7 18. Bxd6 exd6 19. Nxd6 Re7 20. Nxb7 Qxb7 21.
Ng5 Rxd1 22. Rxd1 h6 23. Rd8+ Bf8 24. Qf6 Nxd8 25. Bxb7 Nxb7 26. Nf3 Rxe2 27.
Qc6 Nc5 28. b4 Ne6 29. a3 Ra2 30. Ne5 Re2 31. f4 Rd2 32. Qb7 Nd8 33. Qxa7 b5 34.
Qa6 Rd5 35. Kf2 Kg7 36. Ke3 Be7 37. Ke4 Ne6 38. Qb7 Rd4+ 39. Ke3 Kf8 40. Nc6 1-0